NHL Nicknames - Statistics

General Stats
  • This quiz has been taken 392 times
  • The average score is 14 of 15
Answer Stats
Hint Answer % Correct
good on pancakes, on canadian flag Maple Leafs
98%
motor wings Red Wings
98%
The Quack Ducks
97%
What happens during a thunderstorm Lightning
97%
Indian heads Blackhawks
96%
What you wish on in the night sky Stars
96%
Habs Canadiens
95%
Satans Devils
95%
Tropical storm Hurricanes
94%
Desert dogs Coyotes
92%
There are 100 of them in the US Senate Senators
92%
nickname for a Canadian Canuck
89%
Air Force Jets
89%
Greasers Oilers
73%
US Red Army Capitals
61%
No matching quizzes found
Score Distribution
Percent of People with Each Score
Percentile by Number Answered
Your Score History
You have not taken this quiz